Pokémon Category Elimination 2 - Statistics

General Stats
  • This quiz has been taken 322 times
  • The average score is 14 of 20
Answer Stats
Category Criteria # Pokémon % Correct
Blue Pokémon introduced in Gen 9 112
93%
Blue and is not a Paradox, Legendary or DLC Pokémon 79
92%
Yellow Legendary/Mythical Pokémon 93
92%
Yellow That is Mono-Typed(in its' base form) 37
92%
Blue Part of a Three stage Evolutionary Line that was introduced in Gen 9 24
89%
Red Pokémon introduced in Gen 2 100
86%
Yellow And is introduced in Gen 4 or 5 10
84%
Blue Is a final evolution of a Three stage Evolutionary Line that was introduced in Gen 9 8
82%
Yellow And is not Psychic or Dark Type 6
82%
Black Pokemon with the Intimidate Ability 37
81%
Black That are fully evolved or do not evolve 22
79%
Red Whose evolution conditions contain more than just leveling up 17
72%
Black Who have a pre-evolved form that does not have Intimidate 6
60%
Red That require a trade to evolve 6
58%
Black Found in the Hoenn Region (Gen 3) 4
47%
Yellow Whose typing was unique when it was introduced 1 Tornadus
46%
Black And whose pre-evolution is on the first route of the game 1 Mightyena
39%
Red That are the only Pokémon in Gen 2 which needs the item to evolve 2
37%
Blue Is Mono-Typed 1 Garganacl
37%
Red That are Normal type 1 Porygon2
26%
No matching quizzes found
Score Distribution
Percent of People with Each Score
Percentile by Number Answered
Your Score History
You have not taken this quiz